00304cam a22001097a 4500008004000000082001300040100002100053245006600074260002400140300001000164500002000174180718b1940 xxu||||| |||| 00| 0 eng d aA38 G187 aGarnett, Richard aThe Twilight of the gods, and other talescby Richard Garnett aLondonbWattsc1940 a118p. aFirst pub. 1889